000 01459nam a22002057a 4500
999 _c10145
_d10145
003 AR-CdUCM
008 190329b ||||| |||| 00| 0 spa d
040 _aMUNICIPALIDAD PROVINCIAL DEL CUSCO
_cBIBLIOTECA MUNICIPAL DEL CUSCO
082 _a985.03 /
_bM41 / 1859
110 _aPeru
_93560
245 _aMemorias de los vireyes que han gobernado el Perú, durante el tiempo del coloniaje español :
_bimpresas de órden suprema /
260 _aLima :
_bLibrería central de Felipe Bailly,
_c1859.
300 _a6 tomos ;
_bilustraciones, pliegos, retratos, cuadros,
_c32 cm.
500 _aPreparadas por diez de los virreyes para el uso de sus sucesores. Serie editada bajo la dirección del Ministro de Hacienda, por M.A. Fuentes.
505 _aContenido: t.1. Don Juan de Mendoza y Luna, marqués de Montesclaros. Don Francisco de Borja y Aragón, príncipe de Esquilache. Don Baltasar de la Cueva, conde de Castellar. Ilustrísimo Don Melchor de Liñan y Cisneros -- t.2. Don Melchor de Navarra y Rocaful, duque de la Palata -- t.3. Don José de Armendáris, marqués de Castel-Fuerte. Don J.A. de Mendoza, marqués de Villagarcía -- t.4. Don José Antonio Manso de Velasco, conde de Superunda. Don Manuel Amat y Yunient, caballero de la Orden de San Juan -- t.5. Don Teodoro de Croix -- t.6. Frey Don Francisco Gil de Taboada y Lemos.
650 _aPeru
_9429
700 _aFuentes, Manuel Atanasio,
_926827
942 _2ddc
_cLIBROS
945 _apjha